00592nam a2200193Ia 4500008004100000020001500041082001600056100002000072245003100092250000800123260004500131300002700176500001900203600002700222650002000249942000700269952010700276999001500383240925s9999 xx 000 0 und d a002312461x a371.102 BOR aBorich ,Gary D. 0aEffective Teaching Methods a3rd aNew Jersey:bPrintice- Hall Int.c,1996. aix,102p.bNAfOriginal aIncludes Index aEngineering Technology aSocial Sciences cBK 001040708ETaUITUbUITUd2000-08-16eNAl0o371.102 BORpQ2789r2024-09-25 07:12:55w2024-09-25yBK c5288d5288